000
00269nam a22001337a 4500
003
SGT
082
_a
340,ROB
100
_a
ROBERTS, B.C.
245
_a
INDUSTRIAL RELATIONS
260
_a
LADAN
_b
METHUEN
_c
1968
300
_a
299
650
_a
LAW BOOKS
942
_2
ddc
_c
BK
999
_c
10221
_d
10221